[Event "Wuerttemberg-ch KT"]
[Site "Stuttgart"]
[Date "2015.08.30"]
[Round "2"]
[White "Heer, Till"]
[Black "Kolb, Roland"]
[Result "1-0"]
[WhiteElo "1912"]
[BlackElo "2007"]
[PlyCount "47"]
[EventDate "2015.08.29"]
[EventType "swiss"]
[EventRounds "9"]
[EventCountry "GER"]
[SourceTitle "EXT 2017"]
[Source "ChessBase"]
[SourceDate "2016.10.25"]
[SourceVersion "1"]
[SourceVersionDate "2016.10.25"]
[SourceQuality "1"]

1. e4 b6 2. d4 Bb7 3. Bd3 e6 4. Nf3 c5 5. c3 cxd4 6. cxd4 Bb4+ 7. Bd2 Bxd2+ 8. Nbxd2 Nf6 9. e5 Nh5 10. Ne4 0-0 11. Nfg5 Nf4 12. g3 Nxd3+ 13. Qxd3 g6 14. Nf6+ Kg7 15. Nge4 Ba6 16. Qd2 Nc6 17. Ng4 g5 18. h4 Nxd4 19. Qxd4 Rc8 20. Ngf6 g4 21. Qe3 Rh8 22. Qg5+ Kf8 23. Qh6+ Ke7 24. Nd5+ 1-0

[Event "Wuerttemberg-ch KT"]
[Site "Stuttgart"]
[Date "2015.08.29"]
[Round "1"]
[White "Heer, Till"]
[Black "Holzinger, Eugen"]
[Result "1-0"]
[WhiteElo "1912"]
[BlackElo "2065"]
[PlyCount "41"]
[EventDate "2015.08.29"]
[EventType "swiss"]
[EventRounds "9"]
[EventCountry "GER"]
[SourceTitle "EXT 2017"]
[Source "ChessBase"]
[SourceDate "2016.10.25"]
[SourceVersion "1"]
[SourceVersionDate "2016.10.25"]
[SourceQuality "1"]

1. e4 d6 2. d4 Nf6 3. Nc3 g6 4. f4 Bg7 5. Nf3 0-0 6. e5 dxe5 7. fxe5 Nd5 8. Be2 Nc6 9. Nxd5 Qxd5 10. 0-0 Rd8 11. c3 Bxe5 12. dxe5 Qc5+ 13. Nd4 Nxe5 14. Be3 Be6 15. Qc1 Bc4 16. Nf5 Qb5 17. Bxc4 Nxc4 18. Nh6+ Kf8 19. Nxf7 Nxe3 20. Qxe3 Rd3 21. Qxd3 1-0

[Event "BEM-ch U12"]
[Site "Tamm"]
[Date "2000.01.29"]
[Round "2"]
[White "Heer, Till"]
[Black "Loerincz, Benjamin"]
[Result "0-1"]
[WhiteElo "869"]
[BlackElo "1118"]
[PlyCount "96"]
[EventDate "2000.01.29"]
[EventType "swiss"]
[EventRounds "5"]
[EventCountry "GER"]
[SourceTitle "EXT 2003"]
[Source "ChessBase"]
[SourceDate "2002.11.25"]
[SourceVersion "1"]
[SourceVersionDate "2002.11.25"]
[SourceQuality "1"]

1. e4 d5 2. exd5 Qxd5 3. Nc3 Qa5 4. d4 Nf6 5. Nf3 Bg4 6. h3 Bh5 7. Bf4 e6 8. g4 Bg6 9. Bd3 Bxd3 10. Qxd3 Nbd7 11. 0-0-0 Bb4 12. g5 Nd5 13. Nxd5 Qxd5 14. Bxc7 Qxa2 15. c3 Qa1+ 16. Kd2 Qxb2+ 17. Qc2 Bxc3+ 18. Kd3 Qxc2+ 19. Kxc2 Bb4 20. Rb1 Rc8 21. Kd3 Rxc7 22. Rxb4 0-0 23. Rhb1 Rb8 24. Ne5 Nxe5+ 25. dxe5 g6 26. h4 a5 27. Rb5 a4 28. R1b4 Rd8+ 29. Ke4 a3 30. Rxb7 a2 31. Rxc7 a1Q 32. Rcc4 Re8 33. Kf3 Qxe5 34. Re4 Qf5+ 35. Rf4 Qd3+ 36. Kg4 e5 37. Rf3 Qd2 38. Rbb3 e4 39. Rf4 Qd1+ 40. f3 Qxb3 41. fxe4 Qe6+ 42. Kf3 Rd8 43. Kf2 Rd3 44. Ke2 Qh3 45. e5 Qe3+ 46. Kf1 Rd2 47. Rf6 Qe2+ 48. Kg1 Qg2# 0-1